000 00861cam a2200289 a 4500
001 16568728
003 OSt
005 20170302100910.0
008 101206s2012 maua 001 0 eng
010 _a 2010046950
020 _a0130872059
040 _aDLC
_cDLC
_dDLC
042 _apcc
050 0 0 _aQD33.2
_b.M36 2001
082 0 0 _a540
_222
100 1 _aMcMurry, John.
245 1 0 _aChemistry /
_cJohn E. McMurry, Robert C. Fay ; with contributions by Jordan Fantini.
250 _a6th ed.
260 _aBoston :
_bPrentice Hall,
_cc2012.
300 _axviii, 954, [94] p. :
_bill. (chiefly col.) ;
_c29 cm.
500 _aIncludes index.
650 0 _aChemistry
_vTextbooks.
700 1 _aFay, Robert C.,
_d1936-
906 _a7
_bcbc
_corignew
_d1
_eecip
_f20
_gy-gencatlg
942 _2lcc
_cBK
999 _c255910
_d255909